[Event "Pontevedra op-B 10th"]
[Site "Pontevedra"]
[Date "2022.07.29"]
[Round "8.3"]
[White "Maquieira Vidal, Alvaro"]
[Black "Mougan Gonzalez, Santiago"]
[Result "1/2-1/2"]
[WhiteElo "1947"]
[BlackElo "1872"]
[PlyCount "83"]
[EventDate "2022.07.24"]
[EventType "swiss"]
[EventRounds "9"]
[EventCountry "ESP"]
[SourceTitle "EXT 2023"]
[Source "ChessBase"]
[SourceDate "2022.10.05"]
[SourceVersion "1"]
[SourceVersionDate "2022.10.05"]
[SourceQuality "1"]

1. e4 e5 2. Nf3 Nc6 3. Bc4 Nf6 4. d3 Bc5 5. c3 d6 6. Bb3 Bg4 7. h3 Bh5 8. Nbd2 Qe7 9. Nf1 0-0-0 10. Ng3 Bg6 11. 0-0 d5 12. exd5 Nxd5 13. d4 exd4 14. cxd4 Bb6 15. Re1 Qd7 16. a3 Rhe8 17. Ne5 Nxe5 18. dxe5 f6 19. exf6 Nxf6 20. Qxd7+ Kxd7 21. Ba4+ c6 22. Bf4 Nd5 23. Bg5 Rxe1+ 24. Rxe1 Rf8 25. Re2 h6 26. Bc1 Nf4 27. Rd2+ Nd3 28. Nh1 Re8 29. Bc2 Re1+ 30. Kh2 Bc7+ 31. Ng3 Rxc1 32. Bxd3 Bxd3 33. Rxd3+ Bd6 34. Rd2 Ke6 35. h4 h5 36. Kh3 g6 37. Re2+ Kf7 38. Rd2 Ke6 39. Re2+ Kd7 40. Rd2 Kc7 41. Re2 Kd7 42. Rd2 1/2-1/2

[Event "Mondariz IM"]
[Site "Mondariz"]
[Date "2016.08.28"]
[Round "6"]
[White "Rey Malde, Henrique"]
[Black "Maquieira Vidal, Alvaro"]
[Result "0-1"]
[WhiteElo "2114"]
[BlackElo "2091"]
[PlyCount "78"]
[EventDate "2016.08.25"]
[EventType "tourn"]
[EventRounds "9"]
[EventCountry "ESP"]
[EventCategory "1"]
[SourceTitle "CBM 174 Extra"]
[Source "ChessBase"]
[SourceDate "2016.10.10"]
[SourceVersion "1"]
[SourceVersionDate "2016.10.10"]
[SourceQuality "1"]

1. e4 c5 2. Nf3 d6 3. d4 cxd4 4. Nxd4 Nf6 5. Nc3 g6 6. Be3 Bg7 7. f3 0-0 8. Qd2 Nc6 9. Bc4 Bd7 10. 0-0-0 Rc8 11. Bb3 Nxd4 12. Bxd4 b5 13. Nd5 Nxd5 14. Bxg7 Kxg7 15. exd5 a5 16. a3 b4 17. axb4 axb4 18. Qxb4 Kg8 19. Rhe1 Re8 20. Re3 Rb8 21. Qh4 Qa5 22. Rxe7 Qa1+ 23. Kd2 Qxb2 24. Rxe8+ Rxe8 25. Qf4 Bb5 26. Re1 Rxe1 27. Kxe1 Qa1+ 28. Kd2 Qa5+ 29. c3 Qa7 30. Qxd6 Qf2+ 31. Kc1 Bd3 32. Qb8+ Kg7 33. Qe5+ Kg8 34. d6 Bf5 35. Qe8+ Kg7 36. Qxf7+ Kh6 37. Qf8+ Kg5 38. Qe7+ Kh6 39. Qh4+ Qxh4 0-1

[Event "Mondariz IM"]
[Site "Mondariz"]
[Date "2016.08.27"]
[Round "4"]
[White "Gonzalez Trigal, Jose Luis"]
[Black "Maquieira Vidal, Alvaro"]
[Result "1-0"]
[WhiteElo "2316"]
[BlackElo "2091"]
[PlyCount "67"]
[EventDate "2016.08.25"]
[EventType "tourn"]
[EventRounds "9"]
[EventCountry "ESP"]
[EventCategory "1"]
[SourceTitle "CBM 174 Extra"]
[Source "ChessBase"]
[SourceDate "2016.10.10"]
[SourceVersion "1"]
[SourceVersionDate "2016.10.10"]
[SourceQuality "1"]

1. d4 d5 2. c4 e6 3. Nf3 c6 4. e3 f5 5. Bd3 Nf6 6. 0-0 Be7 7. b3 0-0 8. Ba3 Bxa3 9. Nxa3 Qe7 10. Nc2 Bd7 11. Ne5 Be8 12. cxd5 cxd5 13. Rc1 Nbd7 14. Qe1 Ne4 15. Qb4 Qxb4 16. Nxb4 a5 17. Nc2 Nc3 18. a4 Na2 19. Ra1 Nb4 20. Nxb4 Nxe5 21. dxe5 axb4 22. Rfc1 Ra5 23. f4 Bc6 24. Ra2 Kf7 25. Be2 Ke7 26. Rd2 Kd7 27. Rd4 b5 28. axb5 Bxb5 29. Rxb4 Bc6 30. Rb6 Rc8 31. Ba6 Rc7 32. b4 Ra2 33. b5 Ba8 34. Rd6+ 1-0

[Event "Mondariz IM"]
[Site "Mondariz"]
[Date "2016.08.26"]
[Round "2"]
[White "Larino Nieto, David"]
[Black "Maquieira Vidal, Alvaro"]
[Result "1-0"]
[WhiteElo "2485"]
[BlackElo "2091"]
[PlyCount "89"]
[EventDate "2016.08.25"]
[EventType "tourn"]
[EventRounds "9"]
[EventCountry "ESP"]
[EventCategory "1"]
[SourceTitle "CBM 174 Extra"]
[Source "ChessBase"]
[SourceDate "2016.10.10"]
[SourceVersion "1"]
[SourceVersionDate "2016.10.10"]
[SourceQuality "1"]

1. g3 d6 2. d4 g6 3. Bg2 Bg7 4. Nc3 f5 5. e4 Nf6 6. exf5 gxf5 7. Nge2 e5 8. dxe5 dxe5 9. Qxd8+ Kxd8 10. Bg5 c6 11. 0-0-0+ Kc7 12. Nf4 Rd8 13. Rxd8 Kxd8 14. Nh5 Bh6 15. h4 Bxg5+ 16. hxg5 Ne8 17. f4 Nd7 18. g4 exf4 19. gxf5 Ne5 20. f6 Nf7 21. Ne4 Bf5 22. Rd1+ Kc8 23. Nxf4 Bxe4 24. Bxe4 Nxg5 25. f7 Nxf7 26. Bf5+ Kc7 27. Rd7+ Kb6 28. Rxf7 Nd6 29. Rf6 Nxf5 30. Rxf5 Rg8 31. b4 Rg4 32. a3 h6 33. Ne6 Rg6 34. Nc5 Rg7 35. Kb2 Rh7 36. Rh5 Kc7 37. Kc3 b6 38. Ne4 a6 39. a4 Rh8 40. a5 bxa5 41. bxa5 Kb7 42. Nc5+ Ka7 43. Kc4 Rg8 44. Rxh6 Rh8 45. Rxc6 1-0

[Event "Mondariz Cemar op 2nd"]
[Site "Mondariz"]
[Date "2015.08.22"]
[Round "8"]
[White "Maquieira Vidal, Alvaro"]
[Black "De Prado Rodriguez, Oscar Bruno"]
[Result "1/2-1/2"]
[WhiteElo "1832"]
[BlackElo "2237"]
[PlyCount "108"]
[EventDate "2015.08.16"]
[EventType "swiss"]
[EventRounds "9"]
[EventCountry "ESP"]
[SourceTitle "EXT 2019"]
[Source "ChessBase"]
[SourceDate "2018.10.10"]
[SourceVersion "1"]
[SourceVersionDate "2018.10.10"]
[SourceQuality "1"]

1. e4 d5 2. exd5 Qxd5 3. Nc3 Qd6 4. d4 Nf6 5. Nf3 g6 6. Nb5 Qb6 7. c4 c6 8. c5 Qd8 9. Nc3 Bg7 10. h3 0-0 11. Bc4 b5 12. Bb3 b4 13. Ne2 Nd5 14. 0-0 Na6 15. Nf4 Nac7 16. Bc4 a5 17. a3 Ba6 18. Bxa6 Nxa6 19. Re1 bxa3 20. Nxd5 Qxd5 21. Rxa3 e6 22. Rxa5 Nc7 23. Rxa8 Rxa8 24. Be3 Nb5 25. Qc1 Nxd4 26. Nxd4 Bxd4 27. Bxd4 Qxd4 28. Rd1 Qe4 29. Qc3 Qf5 30. b4 e5 31. Qd3 Qf4 32. Qd2 Qxd2 33. Rxd2 Ra1+ 34. Kh2 Rb1 35. Rd6 Rxb4 36. Rxc6 Rc4 37. g3 Kg7 38. h4 f5 39. Kg2 e4 40. Rc7+ Kh6 41. c6 Rc2 42. Kf1 Kh5 43. Rxh7+ Kg4 44. Ra7 Rxc6 45. Ke2 Rc2+ 46. Ke3 Rc3+ 47. Ke2 Rc6 48. Ra5 Rb6 49. Rc5 Kh3 50. h5 Kg4 51. hxg6 Rxg6 52. Rc8 Kh3 53. Rf8 Rg5 54. Ke3 Kg4 1/2-1/2

[Event "Mondariz Cemar op 2nd"]
[Site "Mondariz"]
[Date "2015.08.18"]
[Round "3"]
[White "Espineira Gonzalez, Diego Adrian"]
[Black "Maquieira Vidal, Alvaro"]
[Result "1-0"]
[WhiteElo "2380"]
[BlackElo "1832"]
[PlyCount "121"]
[EventDate "2015.08.16"]
[EventType "swiss"]
[EventRounds "9"]
[EventCountry "ESP"]
[SourceTitle "EXT 2019"]
[Source "ChessBase"]
[SourceDate "2018.10.10"]
[SourceVersion "1"]
[SourceVersionDate "2018.10.10"]
[SourceQuality "1"]

1. e4 c5 2. Nf3 d6 3. d4 cxd4 4. Nxd4 Nf6 5. Nc3 g6 6. Bc4 Bg7 7. 0-0 0-0 8. Re1 Nc6 9. Nb3 Ne5 10. Bf1 Be6 11. h3 Rc8 12. Nd5 Bxd5 13. exd5 Ned7 14. g3 Re8 15. a4 Nc5 16. Ra3 Nfd7 17. Nxc5 Nxc5 18. Bb5 Nd7 19. Qg4 Rc7 20. c3 a6 21. Bf1 Nf6 22. Qd1 Rc5 23. Bg2 Nd7 24. Be3 Rc8 25. a5 Ne5 26. Bf1 Nc4 27. Bxc4 Rxc4 28. Qd3 Rc8 29. Kg2 e6 30. dxe6 Rxe6 31. Rd1 Qe7 32. Rb3 Rc6 33. Rb6 Rxb6 34. axb6 Qd7 35. Qd5 Bf8 36. c4 Qc8 37. Bf4 Be7 38. h4 h5 39. b3 Kf8 40. Rd3 Ke8 41. b4 Bd8 42. Be3 Be7 43. f4 Bf8 44. Kf3 Be7 45. Rd1 Kd7 46. Rd3 Qc6 47. b5 axb5 48. cxb5 Qxd5+ 49. Rxd5 f5 50. Rd3 Bd8 51. Ra3 Re7 52. Ra8 Ke8 53. Bd4 Rd7 54. Bf6 d5 55. Ke3 Rd6 56. Bg5 d4+ 57. Kd3 Rd7 58. Rb8 Rd6 59. Bxd8 Rxd8 60. Rxb7 Kf8 61. Rc7 1-0